000 00779cai a22001815a 4500
001 L147982
008 090707u xxk g 000 0 eng d
035 _a(Sirsi) u147982
041 0 _aeng
110 2 _aThe Digital Property Group Limited
_95767
245 0 0 _aFindaproperty.com
_h[electronic resource]
520 _aProvides resources to find a property in the United Kingdom and worldwide. Includes information on the property market, guidance on how to buy, sell, let or rent properties. Presents property news, guidance and articles. Monthly UK House prices and Affordability Index.
590 _aKA
651 4 _aInternational
690 _aPROPERTY-PROPERTY MARKET
856 4 0 _uhttps://www.findaproperty.com/
_zView the website at www.findaproperty.com...
942 _n0
999 _c120809
_d120809